[Event "Open de Figueres Miquel Mas 2017"]
[Site "Figueres ESP"]
[Date "2017.08.17"]
[Round "9.3"]
[White "Alonso Bouza, Julio Javier"]
[Black "Parals Marce, Luis"]
[Result "1/2-1/2"]
[WhiteElo "2377"]
[BlackElo "2015"]
[PlyCount "23"]
[EventDate "2017.08.10"]
[EventType "swiss"]
[EventRounds "9"]
[EventCountry "ESP"]
[SourceTitle "Ajedrez en Madrid"]
[Source "lmi"]
[SourceDate "2017.08.10"]
[SourceVersion "1"]
[SourceVersionDate "2018.07.27"]
[SourceQuality "1"]

1. e4 c6 2. d4 d5 3. exd5 cxd5 4. c4 e6 5. Nc3 Nf6 6. Nf3 Be7 7. cxd5 Nxd5 8.
Bc4 Nxc3 9. bxc3 O-O 10. O-O Nd7 11. Bd3 Qc7 12. Qc2 1/2-1/2

[Event "Open de Figueres Miquel Mas 2017"]
[Site "Figueres ESP"]
[Date "2017.08.17"]
[Round "9.4"]
[White "Vidal Zamora, Alex"]
[Black "Serra Pages, Jordi"]
[Result "1/2-1/2"]
[WhiteElo "2365"]
[BlackElo "2232"]
[PlyCount "65"]
[EventDate "2017.08.10"]
[EventType "swiss"]
[EventRounds "9"]
[EventCountry "ESP"]
[SourceTitle "Ajedrez en Madrid"]
[Source "lmi"]
[SourceDate "2017.08.10"]
[SourceVersion "1"]
[SourceVersionDate "2018.07.27"]
[SourceQuality "1"]

1. d4 Nf6 2. c4 g6 3. Nf3 Bg7 4. g3 c6 5. Bg2 d5 6. cxd5 cxd5 7. Ne5 O-O 8. Nc3
Bf5 9. O-O Ne4 10. Be3 Nxc3 11. bxc3 Nc6 12. f4 Qa5 13. Qb3 Nxe5 14. fxe5 e6
15. Bf3 h5 16. Rfc1 Rac8 17. c4 dxc4 18. Rxc4 b5 19. Rc6 Rxc6 20. Bxc6 a6 21.
Rc1 Rc8 22. Kf2 Bf8 23. d5 Be4 24. dxe6 Rxc6 25. exf7+ Kh7 26. Rxc6 Bxc6 27.
Qe6 Qc7 28. Qe8 Bd5 29. Qxf8 Qxf7+ 30. Qxf7+ Bxf7 31. a3 Kg8 32. Bd2 Bc4 33. h4
1/2-1/2

[Event "Open de Figueres Miquel Mas 2017"]
[Site "Figueres ESP"]
[Date "2017.08.17"]
[Round "9.5"]
[White "Martorell Aubanell, Adria"]
[Black "Mellado Trivino, Juan"]
[Result "1/2-1/2"]
[WhiteElo "2191"]
[BlackElo "2392"]
[PlyCount "39"]
[EventDate "2017.08.10"]
[EventType "swiss"]
[EventRounds "9"]
[EventCountry "ESP"]
[SourceTitle "Ajedrez en Madrid"]
[Source "lmi"]
[SourceDate "2017.08.10"]
[SourceVersion "1"]
[SourceVersionDate "2018.07.27"]
[SourceQuality "1"]

1. d4 d5 2. Nf3 c5 3. g3 Nf6 4. Bg2 Nc6 5. O-O e6 6. c4 dxc4 7. Qa4 cxd4 8.
Nxd4 Qxd4 9. Bxc6+ Bd7 10. Bxd7+ Qxd7 11. Qxc4 Rc8 12. Qb3 Bc5 13. Nc3 O-O 14.
Bg5 Ng4 15. h3 Ne5 16. Rfd1 Qc6 17. Qb5 Nf3+ 18. exf3 Qxf3 19. Qd3 Qxf2+ 20.
Kh1 1/2-1/2

[Event "Open de Figueres Miquel Mas 2017"]
[Site "Figueres ESP"]
[Date "2017.08.17"]
[Round "9.6"]
[White "Paraschiv, Paul-Alexandru"]
[Black "Serra Canals, Oriol"]
[Result "1/2-1/2"]
[WhiteElo "2017"]
[BlackElo "2105"]
[PlyCount "75"]
[EventDate "2017.08.10"]
[EventType "swiss"]
[EventRounds "9"]
[EventCountry "ESP"]
[SourceTitle "Ajedrez en Madrid"]
[Source "lmi"]
[SourceDate "2017.08.10"]
[SourceVersion "1"]
[SourceVersionDate "2018.07.27"]
[SourceQuality "1"]

1. d4 e6 2. Bf4 Nf6 3. e3 c5 4. c3 Qb6 5. Qb3 Qxb3 6. axb3 Nc6 7. Na3 Nd5 8.
Bg3 cxd4 9. exd4 f5 10. Nh3 Be7 11. Bc4 g5 12. Bxd5 exd5 13. Nb5 f4 14. Nc7+
Kd8 15. Nxa8 fxg3 16. hxg3 b5 17. b4 Bb7 18. Nb6 axb6 19. Ke2 Kc7 20. Kd3 Nd8
21. Rhe1 Bf6 22. f3 Nf7 23. Nf2 h5 24. Rh1 Nd6 25. Rh3 Ne8 26. Rah1 Ng7 27. Ng4
Rf8 28. Ne3 d6 29. Ra1 Bc8 30. Rhh1 Kc6 31. Ra7 h4 32. g4 Ne6 33. Rha1 Nf4+ 34.
Kd2 Bb7 35. Re1 Rh8 36. Kc2 Re8 37. Kd2 Rh8 38. Rh1 1/2-1/2

[Event "Open de Figueres Miquel Mas 2017"]
[Site "Figueres ESP"]
[Date "2017.08.17"]
[Round "9.7"]
[White "Guix Torres, David"]
[Black "Renteria, Jorge"]
[Result "0-1"]
[WhiteElo "2040"]
[BlackElo "2332"]
[PlyCount "104"]
[EventDate "2017.08.10"]
[EventType "swiss"]
[EventRounds "9"]
[EventCountry "ESP"]
[SourceTitle "Ajedrez en Madrid"]
[Source "lmi"]
[SourceDate "2017.08.10"]
[SourceVersion "1"]
[SourceVersionDate "2018.07.27"]
[SourceQuality "1"]

1. e4 d6 2. d4 Nf6 3. Nc3 e5 4. Nf3 Nbd7 5. Bc4 Be7 6. Ng5 O-O 7. Bxf7+ Rxf7 8.
Ne6 Qe8 9. Nxc7 Qd8 10. Nxa8 b5 11. a3 Bb7 12. f3 a6 13. d5 Bxa8 14. Be3 Nh5
15. O-O Nb6 16. b3 Bb7 17. Qd2 Nf4 18. Ne2 Nxe2+ 19. Qxe2 Bg5 20. Qd2 Bxe3+ 21.
Qxe3 Nd7 22. c4 bxc4 23. b4 a5 24. Rfc1 axb4 25. axb4 Qb6 26. Kf2 Qxe3+ 27.
Kxe3 Nb6 28. Ra5 Bc8 29. Rca1 Rc7 30. Rb5 Nd7 31. Kd2 Kf7 32. Kc3 Ke7 33. Ra8
Kd8 34. Rba5 Nb6 35. R8a7 Rb7 36. h4 Kc7 37. R5a6 Bd7 38. Ra2 Rxa7 39. Rxa7+
Kb8 40. Ra2 Ba4 41. Rxa4 Nxa4+ 42. Kxc4 Kb7 43. g3 Ka6 44. f4 Nb6+ 45. Kc3 Nd7
46. h5 Kb5 47. Kd3 Kxb4 48. Ke3 Kc4 49. g4 h6 50. g5 Kc3 51. f5 hxg5 52. Kf3
Nf6 0-1

[Event "Open de Figueres Miquel Mas 2017"]
[Site "Figueres ESP"]
[Date "2017.08.17"]
[Round "9.8"]
[White "Sole Pijuan, Ferran"]
[Black "Gonzalez Rodriguez, Jorge A."]
[Result "0-1"]
[WhiteElo "2216"]
[BlackElo "2274"]
[PlyCount "78"]
[EventDate "2017.08.10"]
[EventType "swiss"]
[EventRounds "9"]
[EventCountry "ESP"]
[SourceTitle "Ajedrez en Madrid"]
[Source "lmi"]
[SourceDate "2017.08.10"]
[SourceVersion "1"]
[SourceVersionDate "2018.07.27"]
[SourceQuality "1"]

1. d4 Nf6 2. c4 e6 3. g3 Bb4+ 4. Bd2 Qe7 5. Bg2 O-O 6. e3 d5 7. Nf3 Ne4 8. O-O
Nxd2 9. Nbxd2 c6 10. Qc2 f5 11. Rab1 Nd7 12. Ne5 Nxe5 13. dxe5 Rd8 14. Nb3 Qf8
15. c5 b6 16. cxb6 Bd7 17. a3 Be7 18. b7 Rab8 19. Na5 c5 20. b4 c4 21. b5 Bxa3
22. Nc6 Rxb7 23. Nxd8 Qxd8 24. Rfd1 Rxb5 25. e4 Rxb1 26. Qxb1 fxe4 27. Bxe4 h6
28. Bc2 Bc5 29. Kg2 Bc6 30. f3 Qa8 31. Bh7+ Kh8 32. Rf1 d4 33. Be4 Bxe4 34.
fxe4 d3 35. Qe1 a5 36. Rf4 Qd8 37. Qd1 c3 38. Rh4 Be3 39. Qf3 Bg5 0-1

[Event "Open de Figueres Miquel Mas 2017"]
[Site "Figueres ESP"]
[Date "2017.08.17"]
[Round "9.9"]
[White "Pinsach Gelabert, Alexandre"]
[Black "Cuadras Avellana, Jordi"]
[Result "0-1"]
[WhiteElo "2105"]
[BlackElo "2282"]
[PlyCount "84"]
[EventDate "2017.08.10"]
[EventType "swiss"]
[EventRounds "9"]
[EventCountry "ESP"]
[SourceTitle "Ajedrez en Madrid"]
[Source "lmi"]
[SourceDate "2017.08.10"]
[SourceVersion "1"]
[SourceVersionDate "2018.07.27"]
[SourceQuality "1"]

1. e4 c5 2. Nf3 Nc6 3. d4 cxd4 4. Nxd4 e6 5. Nc3 Qc7 6. Be3 a6 7. g3 d6 8. Bg2
Nf6 9. O-O Be7 10. a4 O-O 11. Kh1 Bd7 12. Nxc6 Bxc6 13. a5 Rfc8 14. f4 Nd7 15.
f5 exf5 16. Rxf5 Bf6 17. Bd4 Bxd4 18. Qxd4 Ne5 19. Raf1 Rf8 20. Bf3 Rad8 21.
Be2 Bd7 22. Nd5 Qxc2 23. Bd1 Qc4 24. Ne7+ Kh8 25. Qxc4 Nxc4 26. Rxf7 Rxf7 27.
Rxf7 Be6 28. Rf3 Re8 29. Nf5 Bxf5 30. exf5 Re1+ 31. Kg2 Rxd1 32. Rc3 Rd2+ 33.
Kf3 d5 34. b3 Nd6 35. Rc7 h5 36. Rd7 Nxf5 37. Rxb7 Rxh2 38. Kf4 Rf2+ 39. Kg5
Nxg3 40. Rd7 Kh7 41. Rxd5 Ne4+ 42. Kh4 Rh2# 0-1

[Event "Open de Figueres Miquel Mas 2017"]
[Site "Figueres ESP"]
[Date "2017.08.17"]
[Round "9.10"]
[White "Izagirre Alsua, Aritz"]
[Black "Vilalta Vidal, Javier"]
[Result "0-1"]
[WhiteElo "1869"]
[BlackElo "1992"]
[PlyCount "66"]
[EventDate "2017.08.10"]
[EventType "swiss"]
[EventRounds "9"]
[EventCountry "ESP"]
[SourceTitle "Ajedrez en Madrid"]
[Source "lmi"]
[SourceDate "2017.08.10"]
[SourceVersion "1"]
[SourceVersionDate "2018.07.27"]
[SourceQuality "1"]

1. e4 c5 2. Nc3 Nc6 3. g3 g6 4. Bg2 Bg7 5. d3 d6 6. Be3 e5 7. Nge2 Nge7 8. Qd2
Nd4 9. O-O O-O 10. Nc1 Bg4 11. f3 Be6 12. Nd1 Rb8 13. c3 Ndc6 14. Ne2 b6 15. d4
cxd4 16. cxd4 d5 17. exd5 Nxd5 18. dxe5 Nxe3 19. Qxe3 Nxe5 20. Ndc3 Nc4 21. Qc1
Rc8 22. Rd1 Qe7 23. b3 Na3 24. Rd3 Nb5 25. Qe3 Nxc3 26. Nxc3 Qc5 27. Rc1 Qxe3+
28. Rxe3 Bd4 29. Kf2 Rfe8 30. Ke2 Bxe3 31. Kxe3 Bh3+ 32. Kf2 Bxg2 33. Kxg2 Re6
0-1